| 000 | 00984nas a2200325 4500 | ||
|---|---|---|---|
| 001 | BR0809273 | ||
| 003 | BR-BrBNA | ||
| 005 | 20231205112703.0 | ||
| 007 | ta | ||
| 008 | 230509b bl.|||p| |||| 00| 00por d | ||
| 040 |
_aBR-BrBNA _bpor _cBiblioteca Nacional de Agricultura |
||
| 041 | _a(Pt) | ||
| 072 | _aL01 | ||
| 100 | 1 | _aCosta, O.A.D. | |
| 100 | 1 | _aCosta, M.J.R.P. da | |
| 100 | 1 | _aLudke, J.V. | |
| 100 | 1 | _aColdebella, A. | |
| 100 | 1 | _aKich, J.D. | |
| 100 | 1 | _aPeloso, J.V. | |
| 100 | 1 | _aFaucitano, L. | |
| 100 | 1 | _aRoza, D.D. | |
| 245 | 1 | _aTempo de jejum dos suínos no manejo pré-abate sobre a perda de peso corporal, o peso do conteúdo estomacal e a incidênciada úlcera esofágica-gástrica | |
| 650 | _aSUÍNO | ||
| 650 | _aESTÔMAGO | ||
| 650 | _aABATE | ||
| 650 | _aPESO | ||
| 773 | 0 |
_tCiência Rural (Brazil) _xISSN 0103-8478 _g(Jan-Feb 2008), v. 38(1) p. 199-205 _wBR0809273 |
|
| 909 |
_a202311 _bLúcia _c55 _dLúcia Elande |
||
| 942 |
_2AGRIS _n0 _cANA |
||
| 999 |
_c199377 _d199377 |
||